000 00586nam a2200193 4500
001 4324
005 20181127173152.0
008 140917s2014 nyu 000 0 eng
010 _a 2014951567
020 _a9789380658742
100 1 _aTripathi, Amish.
245 1 4 _aThe immortals of Meluha :
_c
_bBook 1 of the Shiva Trilogy /
_cAmish Tripathi.
264 1 _aNew Delhi :
_bWestland Ltd,
_c2013.
300 _a415 p. ; 20 cm.
650 _aIndia.
_v
_x
_y
_z
_2
650 _aIndus civilization.
_v
_x
_y
_z
_2
650 _aMythology, Indic.
_v
_x
_y
_z
_2
650 _aSiva (Hindu deity).
_v
_x
_y
_z
_2
999 _c3572
_d3572